Central Library OPAC University of Rajshahi

Dew on Jordan (Record no. 6488)

MARC details
000 -LEADER
fixed length control field 00711nam a22002532a 4500
001 - CONTROL NUMBER
control field 6488
003 - CONTROL NUMBER IDENTIFIER
rucl marc code BD-RjUL
005 - DATE AND TIME OF LATEST TRANSACTION
control field 20211208234243.0
008 - FIXED-LENGTH DATA ELEMENTS--GENERAL INFORMATION
fixed length control field 110114s1946 nyu 000 0 eng d
035 ## - SYSTEM CONTROL NUMBER
System control number OCLC ocm01440903 from D960810M
040 ## - CATALOGING SOURCE
Original cataloging agency DLC
Transcribing agency JPL
Modifying agency SER
-- OCL
-- EQO
Language of cataloging eng
041 ## - LANGUAGE CODE
Language code of text/sound track or separate title eng
082 ## - DEWEY DECIMAL CLASSIFICATION NUMBER
Classification number 280.973
Author mark and year PRD 1946
100 1# - MAIN ENTRY--PERSONAL NAME
Personal name Preece, Harold.
9 (RLIN) 20429
245 10 - TITLE STATEMENT
Title Dew on Jordan
260 ## - PUBLICATION, DISTRIBUTION, ETC. (IMPRINT)
Place of publication, distribution, etc. New York :
Name of publisher, distributor, etc. E.P. Dutton & Company, Inc,
Date of publication, distribution, etc. 1946
300 ## - PHYSICAL DESCRIPTION
Pagination 221 p.
Size 21 cm
500 ## - GENERAL NOTE
General note At head of title: By Harold Preece & Celia Kraft
General note "First edition."
650 #0 - SUBJECT ADDED ENTRY--TOPICAL TERM
Topical term or geographic name as entry element Sects
Geographic subdivision United States
9 (RLIN) 20430
700 1# - ADDED ENTRY--PERSONAL NAME
Personal name Kraft, Celia.
942 ## - ADDED ENTRY ELEMENTS (KOHA)
Source of classification or shelving scheme Dewey Decimal Classification
Koha item type Books
Holdings
Lost status Source of classification or shelving scheme Damaged status Not for loan Collection code Permanent Location Current Location Shelving location Date acquired Source of acquisition Cost, normal purchase price Total Checkouts Full call number Date last seen Copy number Koha item type
  Dewey Decimal Classification   Not For Loan Non-fiction Central Library, University of Rajshahi Central Library, University of Rajshahi   24/09/1956 A.B.C 10.00   280.973 PRD 1946 11/01/2014 C-1 Books
  Dewey Decimal Classification     Non-fiction Central Library, University of Rajshahi Central Library, University of Rajshahi   24/09/1956 A.B.C 14.10   280.973 PRD 1946 16/01/2014 C-2 Books